000
00292nam a2200133Ia 4500
100
_a
Jain/R.P.
250
_a
3
942
_c
BK
654
_a
digital
245
_a
Digital Electronics & Microprocessors
260
_b
Tata Mc Graw hill
_a
New Delhi
_c
1992
300
_a
335
546
_a
ENGLISH
999
_c
22814
_d
22814